Statystyki dla Quiz o Watykanie

Kliknij tutaj aby rozwiązać quiz!

Ogólne statystyki

  • Ten quiz został rozwiązany 37 razy
  • Średni wynik to 9 z 15

Statystyki odpowiedzi

PytanieOdpowiedź% Poprawnych
Miasto otaczające WatykanRzym
100%
Państwo otaczające WatykanWłochy
100%
Obecny papieżFranciszek
97%
Jedyny polski papieżJan Paweł II
93%
Państwo również otoczone przez powyższe państwoSan Marino
93%
Watykan jest jedynym państwem który używa tego języka urzędowegoŁacina
90%
WalutaEuro
86%
Papież zmarły w grudniu 2022 rokuBenedykt XVI
72%
Państwo którego Watykan był częścią w latach 756-1870Państwo Kościelne
31%
Ogrody zajmujące największą część WatykanuWatykańskie
28%
Bazylika w której został pochowany Piotr ApostołŚwiętego Piotra
21%
Rok powstania Watykanu1929
17%
Państwo którego istnienia nie uznaje Stolica ApostolskaChiny
17%
Przywódca który powołał Watykan do życiaMussolini
10%
Papież który założył Muzea Watykańskie w XVI wiekuJuliusz II
3%

Rozkład punktacji

Percentyl według liczby udzielonych odpowiedzi

Procent ludzi z każdym wynikiem

Twoja historia wyników

Nie rozwiązałeś tego quizu